Katha Kirtan Ghosha: (Record no. 11440)

MARC details
000 -LEADER
fixed length control field 00657nam a22002057a 4500
005 - DATE AND TIME OF LATEST TRANSACTION
control field 20221031124043.0
008 - FIXED-LENGTH DATA ELEMENTS--GENERAL INFORMATION
fixed length control field 221031b ||||| |||| 00| 0 eng d
040 ## - CATALOGING SOURCE
Original cataloging agency IN-DiNC
Transcribing agency IN-DiNC
041 ## - LANGUAGE CODE
Language code of sung or spoken text Assamese
082 ## - DEWEY DECIMAL CLASSIFICATION NUMBER
Classification number 294.592
Item number CHU
100 ## - MAIN ENTRY--PERSONAL NAME
Personal name Chutia, Bipin
Relator term Author
245 ## - TITLE STATEMENT
Title Katha Kirtan Ghosha:
Remainder of title mul rachana Srimanta Shankardeva birachito Kirtan Ghosha aru ratnakar Kandali birachito sahasra naam brittanta/
Statement of responsibility, etc. by Bipin Chutia
250 ## - EDITION STATEMENT
Edition statement 3rd ed.
260 ## - PUBLICATION, DISTRIBUTION, ETC.
Place of publication, distribution, etc. Dhemaji:
Name of publisher, distributor, etc. Kiran prakashan,
Date of publication, distribution, etc. 2016.
300 ## - PHYSICAL DESCRIPTION
Extent 352p.
650 ## - SUBJECT ADDED ENTRY--TOPICAL TERM
Topical term or geographic name entry element Katha kirtan
700 ## - ADDED ENTRY--PERSONAL NAME
Personal name Srimanta Shankardeva
Relator term Author
700 ## - ADDED ENTRY--PERSONAL NAME
Personal name Madhab Kandali
Relator term Author
942 ## - ADDED ENTRY ELEMENTS (KOHA)
Source of classification or shelving scheme Dewey Decimal Classification
Koha item type Books
Holdings
Withdrawn status Lost status Source of classification or shelving scheme Damaged status Not for loan Collection code Home library Current library Shelving location Date acquired Cost, normal purchase price Total Checkouts Full call number Barcode Date last seen Copy number Price effective from Koha item type
    Dewey Decimal Classification     Assamese Central Library, Naharkatiya College Central Library, Naharkatiya College General Stacks 31/10/2022 170.00   294.592 CHU 25939 31/10/2022 1 31/10/2022 Books

Naharkatiya College © 2020. All rights reserved.

Powered By